Top 30 A Tribe Called Quest Songs - Statistics

General Stats
  • This quiz has been taken 3 times
  • The average score is 14 of 30
Answer Stats
# Song Rating % Correct
11. Excursions 94
100%
5. Award Tour 96
67%
14. Buggin' Out 94
67%
16. Butter 93
67%
10. Can I Kick It? 95
67%
7. Jazz (We've Got) 96
67%
6. Scenario 96
67%
13. Show Business 94
67%
21. Solid Wall of Sound 92
67%
27. Sucka N*gga 91
67%
23. Verses from The Abstract 92
67%
19. We Can Get Down 93
67%
25. Black Spasmodic 92
33%
8. Check the Rhime 96
33%
3. Conrad Tokyo 96
33%
9. Dis Generation 95
33%
18. Ego 93
33%
1. Electric Relaxation 97
33%
29. God Lives Through 91
33%
17. Lost Somebody 93
33%
15. Melatonin 93
33%
28. Midnight 91
33%
26. Movin' Backwards 92
33%
12. Steve Biko (Stir It Up) 94
33%
30. The Chase, Part II 91
33%
20. The Killing Season 92
33%
2. The Space Program 97
33%
4. We the People... 96
33%
22. Whateva Will Be 92
33%
24. Stressed Out 92
0%
No matching quizzes found
Score Distribution
Percent of People with Each Score
Percentile by Number Answered
Your Score History
You have not taken this quiz